000 02657nam0a2200421 4500
001 RU\NLR\bibl\894907
005 20260407122858.0
010 _a5-93160-044-2
_bв обл.
_9300
021 _aRU
_b2005-69823
_93435
035 _a(nilc)RSL-KNO-002764197
035 _a(NLR Aleph) 000883380
090 _a1673063
_c1673063
100 _a20051028d2003 |||y0rusy50 ca
101 0 _arus
102 _aRU
105 _ay |||||||||
106 _ar
200 1 _aСовершенствование деятельности по предупреждению незаконного оборота наркотических средств в Тюменской области
_eмонография
_f[д.ю.н., проф. А. В. Шеслер, к.ю.н., доц. В.М. Морозов, к.с.н., доц. И.Л. Грошев и др.
_gотв. ред.: д.ю.н., проф. А. И. Числов и др.]
_gМ-во внутр. дел Рос. Федерации, Тюмен. юрид. ин-т
210 _aТюмень
_cОрг.-науч. и ред.-изд. отд. Тюмен. юрид. ин-та
_d2003
_gОрганизац.-науч. и РИО Тюмен. юрид. ин-та МВД РФ
215 _a192 с.
_cил., табл.
_d20
300 _aАвт. указаны на обороте тит. л.
320 _aБиблиогр. в подстроч. примеч.
606 1 _aНаркотические средства
_xНезаконный оборот
_xПредупреждение
_yТюменская область
_92412012
_3RU\NLR\auth\661437039
610 0 _aГосударство и право. Юридические науки -- Криминология -- Российская Федерация -- Борьба с преступностью и предупреждение преступлений -- Борьба с изготовлением или сбытом наркотических веществ
686 _aХ628.322.203.0,0
_2rubbk
686 _aХ628.322.203.0
701 1 _aШеслер
_bА. В.
_gАлександр Викторович
_4070
701 1 _4070
_8rus
_7ca
_aМорозов
_bВ. И.
_cканд. юрид. наук
_f1958-
_gВиктор Иванович
_3RU\NLR\auth\7734495
_917498
701 1 _aГрошев
_bИ. Л.
_4070
702 1 _aЧислов
_bА. И.
_gАлександр Иванович
_4340
712 0 2 _4570
_aТюменский юридический институт
_3RU\NLR\AUTH\889960254
_9416751
801 0 _aRU
_bRuMoRKP
_c20051028
_grcr
801 1 _aRU
_bRuMoRGB
_c20051028
801 2 _aRU
_bNLR
_c20051228
_grcr
942 _cBOOK
980 _aNB
980 _aNBR